LEADER 01168nas a2200277 i 4500 001 000000174323 003 CaOOAMICUS 005 20090526000000.0 008 080901b2008 gw uu u0 0ger r 013 $a151799 040 $aSeMil$bita 245 10$a2008 /$cherausgegeben von den Professoren der Theologischen Fakultät Paderborn. 260 $aMünster :$bAschendorff,$c2008. 300 $a[5], 440 p. :$b[2] p. di tav. ;$c24 cm. 500 $aArticoli con sintesi in tedesco [Kurzinhalt] e in inglese [Summary] in testa. 710 2 $aUniversität Paderborn : Theologische Fakultät .$0(OLS)http://semarc/name/2377 774 0 $t[SENZA TITOLO].$w()269577 774 0 $t[SENZA TITOLO].$w()269578 774 0 $t98. Jahrgang, 2008.$w()269579 774 0 $t[SENZA TITOLO].$w()271025 774 0 $tJesus heute, Zugänge und Zeugnisse. - Titolo dalla copertina.$w()271026 850 $aSeMil 852 $aSeMil$W1$xVenegono$y1$m84 4 15$j125161$B125161$CSeMilBibl$Z2$F141983 $85 961 $aCambio: Scuola Cattolica 996 $6245$a2008$9(OLS)http://semarc/title/241412 996 $6260$aMünster :$bAschendorff$9(OLS)http://semarc/publisher/29674 LEADER 01087nam a2200205 i 4500 001 000000189872 003 CaOOAMICUS 005 20100519000000.0 008 100519s1925 be u000 u lat u 013 $a168184 040 $aSeMil$bita 100 1 $aKortleitner, Franz Xaver <1863-1939>.$0(OLS)http://semarc/name/69288 245 10$aQuaestiones de Vetere Testamento et comparativa religionum historia recentiore aetate propositae /$cscripsit Franciscus Xav. Kortleitner. 260 $aTongerloo, Belgium :$bprodiit et prelo Abbatiae B.M.V. de Tongerloo,$c1925. 300 $aXV, 94 p. ;$c26 cm. 650 4$aBibbia. Antico Testamento - Commentari, studi, critica, interpretazioni.$0(OLS)http://semarc/subject/2 850 $aSeMil 852 $aSeMil$W1$xVenegono$y1$m2X V 198$j140503$B140503$CSeMilBibl$Z2$F152124 $81 996 $6245$aQuaestiones de Vetere Testamento et comparativa religionum historia recentiore aetate propositae$9(OLS)http://semarc/title/273438 996 $6260$aTongerloo, Belgium :$bprodiit et prelo Abbatiae B.M.V. de Tongerloo$9(OLS)http://semarc/publisher/50175